[Event "World op 47th"]
[Site "Philadelphia"]
[Date "2019.07.05"]
[Round "5"]
[White "Flaquer, Luis"]
[Black "Shetty, Atulya"]
[Result "0-1"]
[WhiteElo "2175"]
[BlackElo "2420"]
[PlyCount "58"]
[EventDate "2019.07.03"]
[EventType "swiss"]
[EventRounds "9"]
[EventCountry "USA"]
[SourceTitle "CBM 191 Extra"]
[Source "ChessBase"]
[SourceDate "2019.09.30"]
[SourceVersion "1"]
[SourceVersionDate "2019.09.30"]
[SourceQuality "1"]

1. Nc3 d5 2. d4 Nf6 3. Bg5 e6 4. e4 Be7 5. e5 Nfd7 6. Bxe7 Qxe7 7. f4 a6 8. Qg4 g6 9. 0-0-0 c5 10. dxc5 Qxc5 11. Nf3 Nc6 12. h4 h5 13. Qg5 b5 14. Bd3 Ne7 15. g4 b4 16. Ne2 Qe3+ 17. Nd2 Nc5 18. Ng1 Nxd3+ 19. cxd3 Bb7 20. Kb1 Qxd3+ 21. Ka1 hxg4 22. Qxg4 Nf5 23. Nb3 Qe4 24. Qf3 Qxf3 25. Nxf3 d4 26. Nbd2 Rc8 27. Rh3 Ke7 28. b3 Rc3 29. Kb1 Rhc8 0-1

[Event "World op 45th"]
[Site "Philadelphia"]
[Date "2017.07.04"]
[Round "9"]
[White "Wheeler, Cameron"]
[Black "Flaquer, Luis"]
[Result "1-0"]
[WhiteElo "2407"]
[BlackElo "2208"]
[PlyCount "99"]
[EventDate "2017.06.29"]
[EventType "swiss"]
[EventRounds "9"]
[EventCountry "USA"]
[SourceTitle "CBM 179 Extra"]
[Source "ChessBase"]
[SourceDate "2017.08.23"]
[SourceVersion "1"]
[SourceVersionDate "2017.08.23"]
[SourceQuality "1"]

1. d4 Nf6 2. c4 e6 3. Nf3 d5 4. g3 dxc4 5. Bg2 Bd7 6. Ne5 Bc6 7. Nxc6 Nxc6 8. e3 Nd5 9. 0-0 Be7 10. Qe2 b5 11. b3 0-0 12. bxc4 bxc4 13. Qxc4 Na5 14. Qa4 c5 15. Bd2 Nb7 16. Nc3 Nb6 17. Qa6 cxd4 18. Qxb7 dxc3 19. Bxc3 Rc8 20. Rfd1 Qc7 21. Qxc7 Rxc7 22. Be5 Rc5 23. Bd4 Ra5 24. Bc3 Ra4 25. Bf1 Bf6 26. Bxf6 gxf6 27. Bb5 Ra5 28. Bf1 Rc8 29. Rd4 Rc2 30. a4 Rd5 31. a5 Nc8 32. Rxd5 exd5 33. Rb1 Rc7 34. Rb5 Ne7 35. a6 Rc1 36. Rb7 Nc8 37. Rd7 Rc5 38. Bh3 Kg7 39. Be6 Nd6 40. Rxa7 Kg6 41. Bg4 Ne4 42. Ra8 Ra5 43. Bf3 Ra1+ 44. Kg2 Ra2 45. Bxe4+ dxe4 46. g4 f5 47. a7 Kf6 48. g5+ Ke7 49. Kg3 f6 50. Rh8 1-0

[Event "World op 44th"]
[Site "Philadelphia"]
[Date "2016.07.04"]
[Round "8"]
[White "Flaquer, Luis"]
[Black "Vibbert, Sean"]
[Result "1/2-1/2"]
[WhiteElo "2195"]
[BlackElo "2350"]
[PlyCount "134"]
[EventDate "2016.06.30"]
[EventType "swiss"]
[EventRounds "9"]
[EventCountry "USA"]
[SourceTitle "CBM 173 Extra"]
[Source "ChessBase"]
[SourceDate "2016.08.29"]
[SourceVersion "1"]
[SourceVersionDate "2016.08.29"]
[SourceQuality "1"]

1. d4 d5 2. c4 c6 3. Nc3 Nf6 4. Nf3 dxc4 5. g3 Bf5 6. Ne5 Nd5 7. Bg2 Nxc3 8. bxc3 Qa5 9. Qd2 Be6 10. Rb1 f6 11. Nf3 Nd7 12. Rxb7 Nb6 13. Rc7 Bd5 14. 0-0 Nc8 15. Rb7 Nd6 16. Rb4 e6 17. Qb2 Nb5 18. e4 Bxb4 19. exd5 Nxc3 20. dxc6 Nd5 21. Qe2 Kf7 22. Qxc4 Rac8 23. a3 Bxa3 24. Bxa3 Qxa3 25. Ng5+ fxg5 26. Bxd5 Qd6 27. Be4 Rhd8 28. Rd1 g6 29. d5 Rxc6 30. Qd3 Rc5 31. Ra1 exd5 32. Rxa7+ Rd7 33. Ra6 Qxa6 34. Bxd5+ Rcxd5 35. Qxa6 h6 36. Qc8 Kg7 37. h3 Rf7 38. Qc3+ Kh7 39. Kg2 Rdf5 40. Qd4 Kg8 41. Qd8+ Rf8 42. Qb6 Kg7 43. Qd4+ R8f6 44. Qd7+ Rf7 45. Qd4+ Kh7 46. Qb6 h5 47. Qd4 R5f6 48. Qc5 Kh6 49. Qe3 Rf5 50. Kg1 Rf3 51. Qd4 Rf8 52. Qd2 Kh7 53. Qd4 R8f7 54. Kg2 R3f5 55. Qe3 Kh6 56. Kg1 Kh7 57. Kg2 g4 58. hxg4 hxg4 59. Qd4 R7f6 60. Kg1 Kh6 61. Qd2+ Kg7 62. Qd7+ Rf7 63. Qd4+ R5f6 64. Kg2 g5 65. Kg1 Kg6 66. Qe4+ Rf5 67. Qd4 Rxf2 1/2-1/2

[Event "Olympiad-40"]
[Site "Istanbul"]
[Date "2012.09.05"]
[Round "8.4"]
[White "Flaquer, Luis"]
[Black "Lungu, Nase"]
[Result "1-0"]
[WhiteElo "2297"]
[BlackElo "2252"]
[PlyCount "107"]
[EventDate "2012.08.28"]
[EventType "team-swiss"]
[EventRounds "11"]
[EventCountry "TUR"]
[SourceTitle "CBM 151"]
[Source "ChessBase"]
[SourceDate "2012.11.13"]
[SourceVersion "1"]
[SourceVersionDate "2012.11.13"]
[SourceQuality "1"]
[WhiteTeam "Dominican Republic"]
[BlackTeam "Zambia"]
[WhiteTeamCountry "DOM"]
[BlackTeamCountry "ZAM"]

1. e4 e5 2. Nf3 Nc6 3. c3 Nf6 4. d4 d6 5. Bb5 Bd7 6. 0-0 Be7 7. Re1 0-0 8. d5 Nb8 9. Bxd7 Nbxd7 10. c4 g6 11. Nc3 Re8 12. Rb1 c5 13. dxc6 bxc6 14. b4 Qc8 15. Qb3 Kg7 16. h3 Rb8 17. Be3 d5 18. cxd5 Rxb4 19. Qd1 cxd5 20. Nxd5 Rxe4 21. Rc1 Qb7 22. Ng5 Rh4 23. Nxe7 Rxe7 24. Qd6 Nb6 25. Nf3 Ne8 26. Qd8 Rc4 27. Nxe5 Qc7 28. Bh6+ Kg8 29. Qxe7 Qxe7 30. Nxc4 Qd8 31. Nxb6 axb6 32. Rcd1 Qc8 33. Re7 Ng7 34. g4 Ne6 35. Rdd7 g5 36. Rxf7 Qe8 37. Rfe7 Qc8 38. Kh2 Qb8+ 39. Kg1 Qc8 40. Rg7+ Kh8 41. Rgf7 Kg8 42. Kg2 Qa8+ 43. Kh2 Qb8+ 44. f4 gxf4 45. Bxf4 Qa8 46. Bh6 Qxa2+ 47. Kg3 Qa8 48. Rf6 Qc8 49. Rdf7 b5 50. Rf3 b4 51. Re7 Qb8+ 52. Kg2 Nc5 53. Rg7+ Kh8 54. Rgf7 1-0

[Event "Olympiad-39"]
[Site "Khanty-Mansiysk"]
[Date "2010.10.01"]
[Round "10.4"]
[White "Vodyasov, Evgeny Ivanovich"]
[Black "Flaquer, Luis"]
[Result "1-0"]
[WhiteElo "2217"]
[BlackElo "2274"]
[PlyCount "101"]
[EventDate "2010.09.21"]
[EventType "team-swiss"]
[EventRounds "11"]
[EventCountry "RUS"]
[SourceTitle "CBM 139"]
[Source "ChessBase"]
[SourceDate "2010.11.18"]
[SourceVersion "1"]
[SourceVersionDate "2010.11.18"]
[SourceQuality "1"]
[WhiteTeam "IPCA"]
[BlackTeam "Dominican Rep"]
[BlackTeamCountry "DOM"]

1. d4 Nf6 2. Nf3 g6 3. c3 Bg7 4. Bg5 0-0 5. Nbd2 d6 6. e4 e5 7. Bc4 exd4 8. Nxd4 h6 9. Bxf6 Qxf6 10. 0-0 Nd7 11. Qc2 Ne5 12. Be2 Bd7 13. Nc4 Rfe8 14. Ne3 Qd8 15. f4 Nc6 16. Nxc6 bxc6 17. Rae1 a5 18. Bc4 Qe7 19. f5 g5 20. f6 Bxf6 21. e5 Qxe5 22. Qg6+ Bg7 23. Rxf7 d5 24. Nc2 Re6 25. Rxg7+ Qxg7 26. Rxe6 Bxe6 27. Qxe6+ Qf7 28. Qxc6 Rd8 29. Bd3 Rf8 30. Qg6+ Qxg6 31. Bxg6 Rf6 32. Bd3 Kf7 33. Ne3 Ke6 34. Ng4 Rf8 35. Nxh6 c5 36. b3 a4 37. Ng4 Rb8 38. Bc2 a3 39. Ne3 Rf8 40. Bd3 Ke5 41. h3 c4 42. bxc4 d4 43. Ng4+ Kd6 44. cxd4 Rf4 45. Ne3 Rf8 46. Nc2 Ke6 47. Be4 Rb8 48. Bd5+ Kf5 49. Nxa3 Rb2 50. c5 Kf4 51. Kh2 1-0

[Event "Olympiad-39"]
[Site "Khanty-Mansiysk"]
[Date "2010.09.28"]
[Round "7.4"]
[White "Jung, Young Hoon"]
[Black "Flaquer, Luis"]
[Result "0-1"]
[WhiteElo "1923"]
[BlackElo "2274"]
[PlyCount "68"]
[EventDate "2010.09.21"]
[EventType "team-swiss"]
[EventRounds "11"]
[EventCountry "RUS"]
[SourceTitle "CBM 139"]
[Source "ChessBase"]
[SourceDate "2010.11.18"]
[SourceVersion "1"]
[SourceVersionDate "2010.11.18"]
[SourceQuality "1"]
[WhiteTeam "Korea"]
[BlackTeam "Dominican Rep"]
[WhiteTeamCountry "KOR"]
[BlackTeamCountry "DOM"]

1. d4 Nf6 2. Nf3 g6 3. c4 Bg7 4. Nc3 0-0 5. e4 d6 6. Be2 Bg4 7. 0-0 Bxf3 8. Bxf3 Nfd7 9. Be3 c5 10. Be2 Nc6 11. d5 Nd4 12. Qd2 e5 13. dxe6 fxe6 14. Bg4 Qe7 15. Nb5 Ne5 16. Be2 Nec6 17. Nc3 a6 18. Rad1 Rab8 19. b3 b5 20. f3 b4 21. Na4 Be5 22. f4 Bg7 23. Bg4 Bh6 24. g3 e5 25. f5 Bxe3+ 26. Qxe3 Rf6 27. h4 Kh8 28. Kh2 gxf5 29. exf5 Rg8 30. Bh3 Qg7 31. g4 Rh6 32. Qe1 e4 33. Qxe4 Rxh4 34. Rg1 Ne5 0-1

[Event "Olympiad-39"]
[Site "Khanty-Mansiysk"]
[Date "2010.09.23"]
[Round "3.4"]
[White "Flaquer, Luis"]
[Black "Stanojoski, Zvonko"]
[Result "0-1"]
[WhiteElo "2274"]
[BlackElo "2485"]
[PlyCount "70"]
[EventDate "2010.09.21"]
[EventType "team-swiss"]
[EventRounds "11"]
[EventCountry "RUS"]
[SourceTitle "CBM 139"]
[Source "ChessBase"]
[SourceDate "2010.11.18"]
[SourceVersion "1"]
[SourceVersionDate "2010.11.18"]
[SourceQuality "1"]
[WhiteTeam "Dominican Rep"]
[BlackTeam "Macedonia"]
[WhiteTeamCountry "DOM"]
[BlackTeamCountry "MKD"]

1. e4 c5 2. Nf3 a6 3. c3 e6 4. d4 d5 5. exd5 exd5 6. Be2 c4 7. 0-0 Bd6 8. Re1 Ne7 9. b3 cxb3 10. axb3 Nbc6 11. Bd3 0-0 12. Ng5 g6 13. h4 h5 14. Nd2 Bg4 15. Qc2 Rc8 16. Qb2 Qd7 17. Ngf3 Nf5 18. c4 Rfe8 19. Ne5 Bxe5 20. dxe5 Nxh4 21. cxd5 Qxd5 22. Ne4 Qxd3 23. Nf6+ Kh8 24. Nxe8 Be6 25. Nd6 Nd4 26. Be3 Ndf3+ 27. Kh1 Nxe1 28. Rxe1 Rc2 29. Qa3 Qd5 30. Nxf7+ Bxf7 31. Qf8+ Kh7 32. f3 Qe6 33. Bh6 Nf5 34. Bg5 Rc8 35. Qb4 Qxb3 0-1

[Event "Capablanca Memorial op 45th"]
[Site "Havana"]
[Date "2010.06.12"]
[Round "3"]
[White "Cancio Bello Ayes, Flavia"]
[Black "Flaquer, Luis"]
[Result "0-1"]
[WhiteElo "2075"]
[BlackElo "2316"]
[PlyCount "100"]
[EventDate "2010.06.10"]
[EventType "swiss"]
[EventRounds "10"]
[EventCountry "CUB"]
[SourceTitle "CBM 137 Extra"]
[Source "ChessBase"]
[SourceDate "2010.09.01"]
[SourceVersion "1"]
[SourceVersionDate "2010.09.01"]
[SourceQuality "1"]

1. e4 c5 2. Nf3 Nc6 3. d4 cxd4 4. Nxd4 e5 5. Nb5 d6 6. c4 a6 7. N5a3 f5 8. exf5 Bxf5 9. Be3 Nf6 10. Nc3 d5 11. cxd5 Bxa3 12. bxa3 Qa5 13. dxc6 Qxc3+ 14. Bd2 Qxc6 15. Rc1 Qe4+ 16. Qe2 0-0 17. Qxe4 Bxe4 18. Bc4+ Bd5 19. 0-0 Rac8 20. Bb3 b5 21. Rfe1 Rxc1 22. Rxc1 Rd8 23. Ba5 Rd7 24. Rc8+ Kf7 25. Rc7 Ke6 26. f3 Rxc7 27. Bxc7 Bxb3 28. axb3 Kd5 29. Kf2 Kd4 30. g3 Nd7 31. Ba5 Kd3 32. a4 Nb8 33. axb5 axb5 34. Bb4 Nc6 35. Bf8 g6 36. b4 Kc4 37. f4 exf4 38. gxf4 Nxb4 39. Kg3 Nd5 40. Bg7 Kd3 41. Kg4 b4 42. Ba1 Ke4 43. Kg5 Nxf4 44. Kh6 Kf3 45. Kxh7 Kg4 46. Kh6 b3 47. Bc3 g5 48. Bb2 Nd3 49. Bf6 b2 50. h3+ Kh4 0-1

[Event "Santo Domingo op"]
[Site "Santo Domingo"]
[Date "2010.06.02"]
[Round "1"]
[White "Arvelo Leo, Gian Carlo"]
[Black "Flaquer, Luis"]
[Result "0-1"]
[WhiteElo "2037"]
[BlackElo "2316"]
[PlyCount "64"]
[EventDate "2010.06.02"]
[EventType "swiss"]
[EventRounds "9"]
[EventCountry "DOM"]
[SourceTitle "EXT 2011"]
[Source "ChessBase"]
[SourceDate "2010.11.26"]
[SourceVersion "1"]
[SourceVersionDate "2010.11.26"]
[SourceQuality "1"]

1. Nf3 Nf6 2. d4 c5 3. c3 e6 4. Bg5 Qb6 5. Qc2 Nc6 6. e3 Ne4 7. Bf4 d5 8. Nbd2 Nxd2 9. Qxd2 Bd7 10. Bd3 f6 11. 0-0 g5 12. Bg3 0-0-0 13. dxc5 Bxc5 14. b4 Be7 15. a4 e5 16. a5 Qc7 17. b5 Nxa5 18. Qa2 b6 19. c4 dxc4 20. Bxc4 Nxc4 21. Rfc1 Bxb5 22. Nd4 Rxd4 23. exd4 a6 24. dxe5 f5 25. f4 h5 26. Qc2 Bc5+ 27. Kh1 Ne3 28. Qb2 h4 29. Bf2 h3 30. Bxe3 hxg2+ 31. Kxg2 Qc6+ 32. Kg3 Rh3+ 0-1

[Event "Pan American-ch U20"]
[Site "Bogota"]
[Date "2006.09.08"]
[Round "9"]
[White "Flaquer, Luis"]
[Black "Perez Olarte, Cesar Camilo"]
[Result "1-0"]
[WhiteElo "2152"]
[BlackElo "1943"]
[PlyCount "63"]
[EventDate "2006.09.03"]
[EventType "swiss"]
[EventRounds "9"]
[EventCountry "COL"]
[SourceTitle "CBM 114 Extra"]
[Source "ChessBase"]
[SourceDate "2006.11.03"]
[SourceVersion "1"]
[SourceVersionDate "2006.11.03"]
[SourceQuality "1"]

1. e4 c5 2. Nf3 d6 3. Bb5+ Bd7 4. a4 Nf6 5. Qe2 e6 6. 0-0 Be7 7. Ne1 Nc6 8. Bxc6 Bxc6 9. d3 0-0 10. Nd2 Qc7 11. f4 Nd7 12. Qh5 f5 13. Nef3 Rae8 14. Re1 Bf6 15. exf5 e5 16. Ng5 Bxg5 17. fxg5 Qd8 18. Ne4 Qe7 19. g6 h6 20. g4 Nf6 21. Qh3 Nxe4 22. dxe4 Qd7 23. c4 Rf6 24. Qh4 Qd8 25. g5 Rff8 26. Qg4 Bd7 27. Ra3 Qa5 28. Rf1 Qb4 29. Rg3 Qxc4 30. gxh6 Rf6 31. hxg7 Rxg6 32. Qxg6 1-0

[Event "Pan American-ch U20"]
[Site "Bogota"]
[Date "2006.09.05"]
[Round "4"]
[White "Naranjo, Sergio"]
[Black "Flaquer, Luis"]
[Result "1-0"]
[WhiteElo "1909"]
[BlackElo "2152"]
[PlyCount "182"]
[EventDate "2006.09.03"]
[EventType "swiss"]
[EventRounds "9"]
[EventCountry "COL"]
[SourceTitle "CBM 114 Extra"]
[Source "ChessBase"]
[SourceDate "2006.11.03"]
[SourceVersion "1"]
[SourceVersionDate "2006.11.03"]
[SourceQuality "1"]

1. e4 e6 2. d4 d5 3. Nc3 Bb4 4. e5 c5 5. Bd2 Nh6 6. Nb5 Bxd2+ 7. Qxd2 0-0 8. dxc5 Nc6 9. f4 f6 10. Nf3 fxe5 11. fxe5 Rxf3 12. gxf3 Qh4+ 13. Kd1 Nxe5 14. Qd4 Qh5 15. Be2 Nc6 16. Qd2 Qe5 17. Kc1 d4 18. a4 Bd7 19. Nd6 b6 20. Ne4 bxc5 21. Qg5 Nf5 22. Bd3 Kh8 23. f4 Qd5 24. Rg1 Nb4 25. Nxc5 Nxd3+ 26. Nxd3 Rc8 27. Qg2 Qd6 28. Ne5 Be8 29. Ra3 Qc7 30. c3 Qb6 31. a5 Qb4 32. Qe4 Nd6 33. Qg2 Rc7 34. Nd3 Qb8 35. Ne5 Qc8 36. Kb1 Nb5 37. Rb3 dxc3 38. bxc3 g6 39. Qb2 Nxc3+ 40. Rxc3 Rxc3 41. Nc6 Qxc6 42. Rc1 Qe4+ 43. Ka1 Qa4+ 44. Kb1 Qe4+ 45. Ka1 Qa4+ 46. Kb1 Qxf4 47. Qxc3+ Kg8 48. Qc8 Qe4+ 49. Ka1 Qa4+ 50. Kb2 Qb5+ 51. Kc2 Qa4+ 52. Kb2 Qb5+ 53. Kc2 e5 54. Rd1 Qa4+ 55. Kc1 Qa1+ 56. Kc2 Qa2+ 57. Kc1 Qa3+ 58. Kc2 Qa4+ 59. Kc1 Qf4+ 60. Kb1 Qe4+ 61. Kc1 Qe3+ 62. Kb1 Qb3+ 63. Kc1 Qb5 64. Re1 Kg7 65. Qc7+ Kf6 66. Qd6+ Kf5 67. Qf8+ Ke6 68. Qg8+ Kf6 69. Qf8+ Bf7 70. Qh8+ Kf5 71. Qc8+ Kf4 72. Qc3 Qc4 73. Kd2 Qxc3+ 74. Kxc3 Be8 75. Rf1+ Kg5 76. Rf8 Bb5 77. Rf7 a6 78. Rxh7 Kf4 79. Rf7+ Kg4 80. Kd2 g5 81. Ke3 Bc6 82. Rf6 Bb7 83. Rb6 Bc8 84. Ke4 Bf5+ 85. Kxe5 Bd3 86. Rb4+ Kh5 87. Kf6 Kh6 88. Rb8 Kh5 89. Rh8+ Kg4 90. Rg8 Kh3 91. Rxg5 Kxh2 1-0

[Event "Santo Domingo op"]
[Site "Santo Domingo"]
[Date "2005.11.25"]
[Round "2"]
[White "Quesada Perez, Yuniesky"]
[Black "Flaquer, Luis"]
[Result "1-0"]
[WhiteElo "2505"]
[BlackElo "2180"]
[PlyCount "69"]
[EventDate "2005.11.24"]
[EventType "swiss"]
[EventRounds "9"]
[EventCountry "DOM"]
[SourceTitle "CBM 109 Extra"]
[Source "ChessBase"]
[SourceDate "2006.01.03"]
[SourceVersion "2"]
[SourceVersionDate "2006.01.03"]
[SourceQuality "1"]

1. e4 c5 2. Nf3 d6 3. d4 cxd4 4. Nxd4 Nf6 5. Nc3 e6 6. Be3 Nc6 7. f3 a6 8. Qd2 Be7 9. g4 0-0 10. 0-0-0 Nd7 11. h4 Nde5 12. Qf2 Na5 13. Kb1 Nac4 14. Bc1 Qc7 15. g5 b5 16. f4 b4 17. Nce2 Rd8 18. Ng3 Qb6 19. Qe1 Nc6 20. Bxc4 Nxd4 21. Be3 e5 22. Qf2 Qc7 23. Bd5 Rb8 24. Bxd4 exd4 25. f5 Bf8 26. g6 hxg6 27. fxg6 Be6 28. h5 Rb5 29. Rxd4 Qe7 30. Nf5 Qd7 31. Rg1 Kh8 32. h6 Bxf5 33. exf5 gxh6 34. g7+ Bxg7 35. f6 1-0

[Event "Balaguer op 10th"]
[Site "Balaguer"]
[Date "2005.07.22"]
[Round "5"]
[White "Flaquer, Luis"]
[Black "Van Riemsdijk, Herman Claudius"]
[Result "0-1"]
[WhiteElo "2246"]
[BlackElo "2397"]
[PlyCount "94"]
[EventDate "2005.07.18"]
[EventType "swiss"]
[EventRounds "9"]
[EventCountry "ESP"]
[SourceTitle "CBM 107 Extra"]
[Source "ChessBase"]
[SourceDate "2005.09.01"]
[SourceVersion "1"]
[SourceVersionDate "2005.09.01"]
[SourceQuality "1"]

1. e4 c5 2. Nf3 e6 3. d4 cxd4 4. Nxd4 Nf6 5. Nc3 Nc6 6. Ndb5 Bb4 7. a3 Bxc3+ 8. bxc3 0-0 9. Nd6 Ne8 10. Nxe8 Rxe8 11. Qd6 Qa5 12. Bd2 Qe5 13. Qxe5 Nxe5 14. f4 Ng6 15. h4 b6 16. h5 Ne7 17. Bd3 Bb7 18. Kf2 f5 19. exf5 Nxf5 20. a4 Nd6 21. Rhb1 e5 22. Re1 e4 23. Bf1 Rac8 24. g4 e3+ 25. Bxe3 Ne4+ 26. Kg1 Nxc3 27. Bd4 Nd5 28. Bg2 Bc6 29. f5 h6 30. Kf2 Kf7 31. Rxe8 Rxe8 32. a5 Nb4 33. axb6 Bxg2 34. Kxg2 axb6 35. c3 Nc6 36. Bxb6 Re4 37. Rd1 Ne5 38. Rd6 Rxg4+ 39. Kf2 Rg5 40. Bd4 Rxh5 41. Bxe5 Rxf5+ 42. Kg2 Rxe5 43. Rxd7+ Kf6 44. Kf3 Rc5 45. Rd3 Kf5 46. Ke3 Ke5 47. Kd2 Rd5 0-1

[Event "Los Inmortales op"]
[Site "Los Inmortales"]
[Date "2004.11.??"]
[Round "4"]
[White "Lucky, David N"]
[Black "Flaquer, Luis"]
[Result "1-0"]
[WhiteElo "2335"]
[BlackElo "2172"]
[PlyCount "43"]
[EventDate "2004.11.22"]
[EventType "swiss"]
[EventRounds "9"]
[EventCountry "DOM"]
[SourceTitle "CBM 103 Extra"]
[Source "ChessBase"]
[SourceDate "2005.01.01"]
[SourceVersion "1"]
[SourceVersionDate "2005.01.01"]
[SourceQuality "1"]

1. e4 c5 2. Nf3 e6 3. c3 Nf6 4. e5 Nd5 5. d4 cxd4 6. cxd4 Nc6 7. Nc3 d6 8. Bd3 dxe5 9. dxe5 Nxc3 10. bxc3 Qa5 11. 0-0 Nxe5 12. Nxe5 Qxe5 13. Re1 Qa5 14. Rb1 Bd7 15. Be4 Qxc3 16. Rxb7 Rd8 17. Bd2 Qd4 18. Ba5 Ba4 19. Qf3 f5 20. Bc6+ Bxc6 21. Rxe6+ Be7 22. Rbxe7+ 1-0

[Event "Santo Domingo op"]
[Site "Santo Domingo"]
[Date "2003.11.27"]
[Round "1"]
[White "Flaquer, Luis"]
[Black "Ehlvest, Jaan"]
[Result "0-1"]
[WhiteElo "2139"]
[BlackElo "2602"]
[PlyCount "78"]
[EventDate "2003.11.27"]
[EventType "swiss"]
[EventRounds "10"]
[EventCountry "DOM"]
[SourceTitle "CBM 097 Extra"]
[Source "ChessBase"]
[SourceDate "2004.01.13"]
[SourceVersion "1"]
[SourceVersionDate "2004.01.13"]
[SourceQuality "1"]

1. e4 c5 2. Nf3 d6 3. d4 cxd4 4. Nxd4 Nf6 5. Nc3 e6 6. Bg5 Be7 7. Qd2 a6 8. 0-0-0 h6 9. Bh4 b5 10. Bxb5+ axb5 11. Ndxb5 Ra6 12. e5 dxe5 13. Qxd8+ Bxd8 14. Nd6+ Rxd6 15. Rxd6 Be7 16. Rd2 Nc6 17. Bxf6 gxf6 18. Nb5 0-0 19. c3 f5 20. Kc2 e4 21. b4 Ne5 22. Kb3 Nd3 23. Rhd1 e5 24. Rxd3 exd3 25. Rxd3 Be6+ 26. c4 Rc8 27. Rc3 f4 28. a4 e4 29. Na3 Bf6 30. Rc2 Bg4 31. Rc1 Rd8 32. b5 Rd3+ 33. Kb4 Bb2 34. Rb1 Bxa3+ 35. Ka5 e3 36. f3 Be6 37. b6 Bd6 38. b7 e2 39. Re1 Bxc4 0-1